[Event "DVM U20w 2023"]
[Site "Magdeburg GER"]
[Date "2023.12.28"]
[Round "4"]
[White "Müdder, Melanie"]
[Black "Bauer, Laura Sophie"]
[Result "1/2-1/2"]
[Termination "normal"]
[Board "1.1"]
[WhiteElo "1888"]
[BlackElo "1878"]
[WhiteClock "00:25:40"]
[BlackClock "00:49:47"]
[WhiteTeam "SG Solingen"]
[BlackTeam "SK Kelheim 1920"]
[PlyCount "50"]
[WhiteFideId "12994103"]
[BlackFideId "16253647"]
[EventCountry "GER"]
[EventRounds "7"]
[EventType "team-swiss"]
[EventDate "2023.12.26"]

1. e4 {[%clk 01:30:59]} c5 {[%clk 01:30:52]} {[%emt 00:00:09]} 2. Nf3 {[%clk
01:31:24]} {[%emt 00:00:04]} Nc6 {[%clk 01:31:14]} {[%emt 00:00:08]} 3. d4
{[%clk 01:31:34]} {[%emt 00:00:21]} cxd4 {[%clk 01:31:32]} {[%emt 00:00:11]} 4.
Nxd4 {[%clk 01:31:59]} {[%emt 00:00:05]} g6 {[%clk 01:31:50]} {[%emt 00:00:11]}
5. Nc3 {[%clk 01:31:56]} {[%emt 00:00:34]} Bg7 {[%clk 01:28:57]} {[%emt
00:03:23]} 6. Nb3 {[%clk 01:32:14]} {[%emt 00:00:13]} Nf6 {[%clk 01:29:13]}
{[%emt 00:00:14]} 7. Bc4 {[%clk 01:31:40]} {[%emt 00:01:04]} O-O {[%clk
01:29:01]} {[%emt 00:00:41]} 8. O-O {[%clk 01:32:01]} {[%emt 00:00:09]} d6
{[%clk 01:29:15]} {[%emt 00:00:16]} 9. Re1 {[%clk 01:32:17]} {[%emt 00:00:14]}
a6 {[%clk 01:29:14]} {[%emt 00:00:32]} 10. Bf1 {[%clk 01:31:44]} {[%emt
00:01:03]} Be6 {[%clk 01:27:59]} {[%emt 00:01:44]} 11. Nd5 {[%clk 01:31:39]}
{[%emt 00:00:35]} Rc8 {[%clk 01:23:57]} {[%emt 00:04:32]} 12. a4 {[%clk
01:24:00]} {[%emt 00:08:09]} Ne5 {[%clk 01:15:19]} {[%emt 00:09:08]} 13. a5
{[%clk 01:19:17]} {[%emt 00:05:13]} Bxd5 {[%clk 01:06:33]} {[%emt 00:09:16]}
14. exd5 {[%clk 01:19:37]} {[%emt 00:00:10]} Nc4 {[%clk 01:04:12]} {[%emt
00:02:51]} 15. Ra4 {[%clk 01:16:04]} {[%emt 00:04:03]} Ne5 {[%clk 01:03:24]}
{[%emt 00:01:17]} 16. Rb4 {[%clk 01:11:35]} {[%emt 00:05:00]} Rb8 {[%clk
01:01:54]} {[%emt 00:02:01]} 17. Be3 {[%clk 01:07:40]} {[%emt 00:04:25]} Qc8
{[%clk 01:00:26]} {[%emt 00:01:58]} 18. h3 {[%clk 00:58:00]} {[%emt 00:10:09]}
Re8 {[%clk 00:57:33]} {[%emt 00:03:23]} 19. c3 {[%clk 00:51:52]} {[%emt
00:06:38]} Ned7 {[%clk 00:55:15]} {[%emt 00:02:48]} 20. Ba7 {[%clk 00:44:51]}
{[%emt 00:07:32]} Ra8 {[%clk 00:54:41]} {[%emt 00:01:04]} 21. Be3 {[%clk
00:41:41]} {[%emt 00:03:40]} Qc7 {[%clk 00:49:38]} {[%emt 00:05:32]} 22. Rc4
{[%clk 00:35:19]} {[%emt 00:06:53]} Qd8 {[%clk 00:48:53]} {[%emt 00:01:15]} 23.
Rb4 {[%clk 00:31:52]} {[%emt 00:03:56]} Qc7 {[%clk 00:49:04]} {[%emt 00:00:19]}
24. Rc4 {[%clk 00:26:16]} {[%emt 00:06:07]} Qd8 {[%clk 00:49:23]} {[%emt
00:00:10]} 25. Rb4 {[%clk 00:25:40]} {[%emt 00:01:07]} Qc7 {[%clk 00:49:47]}
{[%emt 00:00:06]} 1/2-1/2

[Event "DVM U20w 2023"]
[Site "Magdeburg GER"]
[Date "2023.12.28"]
[Round "4"]
[White "Neumeier, Valentina"]
[Black "Sereda, Yaroslava"]
[Result "0-1"]
[Termination "normal"]
[Board "1.2"]
[WhiteElo "1546"]
[BlackElo "1958"]
[WhiteClock "00:06:17"]
[BlackClock "00:03:04"]
[WhiteTeam "SK Kelheim 1920"]
[BlackTeam "SG Solingen"]
[PlyCount "120"]
[WhiteFideId "34608222"]
[BlackFideId "14178940"]
[EventCountry "GER"]
[EventRounds "7"]
[EventType "team-swiss"]
[EventDate "2023.12.26"]

1. e4 {[%clk 01:30:58]} {[%emt 00:00:01]} c5 {[%clk 01:30:52]} {[%emt
00:00:08]} 2. Nc3 {[%clk 01:31:22]} {[%emt 00:00:06]} Nc6 {[%clk 01:31:12]}
{[%emt 00:00:10]} 3. g3 {[%clk 01:31:46]} {[%emt 00:00:06]} g6 {[%clk
01:31:28]} {[%emt 00:00:14]} 4. Bg2 {[%clk 01:32:10]} {[%emt 00:00:06]} Bg7
{[%clk 01:31:44]} {[%emt 00:00:14]} 5. d3 {[%clk 01:32:33]} {[%emt 00:00:07]}
d6 {[%clk 01:31:47]} {[%emt 00:00:27]} 6. Be3 {[%clk 01:32:45]} {[%emt
00:00:18]} Rb8 {[%clk 01:31:36]} {[%emt 00:00:40]} 7. Qd2 {[%clk 01:32:29]}
{[%emt 00:00:47]} b5 {[%clk 01:27:39]} {[%emt 00:04:26]} 8. a3 {[%clk
01:29:09]} {[%emt 00:03:51]} e6 {[%clk 01:24:15]} {[%emt 00:03:54]} 9. Nge2
{[%clk 01:28:22]} {[%emt 00:01:17]} Nd4 {[%clk 01:19:04]} {[%emt 00:05:41]} 10.
O-O {[%clk 01:25:03]} {[%emt 00:03:50]} a5 {[%clk 01:13:17]} {[%emt 00:06:16]}
11. Rab1 {[%clk 01:02:12]} {[%emt 00:23:21]} b4 {[%clk 00:56:54]} {[%emt
00:16:53]} 12. axb4 {[%clk 00:57:39]} {[%emt 00:05:03]} axb4 {[%clk 00:54:25]}
{[%emt 00:03:00]} 13. Nd1 {[%clk 00:55:05]} {[%emt 00:03:03]} Nxe2+ {[%clk
00:53:06]} {[%emt 00:01:49]} 14. Qxe2 {[%clk 00:55:07]} {[%emt 00:00:28]} Ne7
{[%clk 00:52:26]} {[%emt 00:01:10]} 15. f4 {[%clk 00:54:21]} {[%emt 00:01:16]}
O-O {[%clk 00:49:12]} {[%emt 00:03:44]} 16. Nf2 {[%clk 00:50:34]} {[%emt
00:04:16]} Qc7 {[%clk 00:47:41]} {[%emt 00:02:02]} 17. Rfd1 {[%clk 00:43:28]}
{[%emt 00:07:36]} Ba6 {[%clk 00:44:16]} {[%emt 00:03:55]} 18. Qd2 {[%clk
00:40:37]} {[%emt 00:03:21]} Rfe8 {[%clk 00:37:19]} {[%emt 00:07:26]} 19. d4
{[%clk 00:34:19]} {[%emt 00:06:48]} c4 {[%clk 00:36:44]} {[%emt 00:01:05]} 20.
c3 {[%clk 00:32:34]} {[%emt 00:02:16]} bxc3 {[%clk 00:34:02]} {[%emt 00:03:12]}
21. bxc3 {[%clk 00:32:22]} {[%emt 00:00:41]} Bb5 {[%clk 00:21:21]} {[%emt
00:13:11]} 22. Ra1 {[%clk 00:25:53]} {[%emt 00:06:59]} Rb7 {[%clk 00:16:48]}
{[%emt 00:05:03]} 23. Rdb1 {[%clk 00:20:27]} {[%emt 00:05:56]} Bc6 {[%clk
00:12:56]} {[%emt 00:04:22]} 24. Qc2 {[%clk 00:13:35]} {[%emt 00:07:22]} Rxb1+
{[%clk 00:09:47]} {[%emt 00:03:40]} 25. Rxb1 {[%clk 00:13:00]} {[%emt
00:01:05]} Rb8 {[%clk 00:09:03]} {[%emt 00:01:13]} 26. Rxb8+ {[%clk 00:11:44]}
{[%emt 00:01:46]} Qxb8 {[%clk 00:09:32]} {[%emt 00:00:01]} 27. Bc1 {[%clk
00:10:35]} {[%emt 00:01:39]} Qa8 {[%clk 00:08:35]} {[%emt 00:01:27]} 28. Ng4
{[%clk 00:08:27]} {[%emt 00:02:39]} f5 {[%clk 00:07:31]} {[%emt 00:01:34]} 29.
exf5 {[%clk 00:07:36]} {[%emt 00:01:21]} Nxf5 {[%clk 00:06:45]} {[%emt
00:01:16]} 30. Bxc6 {[%clk 00:06:26]} {[%emt 00:01:39]} Qxc6 {[%clk 00:07:13]}
{[%emt 00:00:02]} 31. Qe2 {[%clk 00:06:38]} {[%emt 00:00:18]} Kf7 {[%clk
00:06:34]} {[%emt 00:01:10]} 32. Ba3 {[%clk 00:06:12]} {[%emt 00:00:55]} Qb5
{[%clk 00:05:08]} {[%emt 00:01:56]} 33. Nf2 {[%clk 00:05:06]} {[%emt 00:01:36]}
Qb3 {[%clk 00:04:41]} {[%emt 00:00:57]} 34. Bb2 {[%clk 00:04:37]} {[%emt
00:00:59]} d5 {[%clk 00:03:19]} {[%emt 00:01:51]} 35. Nh3 {[%clk 00:03:42]}
{[%emt 00:01:26]} h6 {[%clk 00:03:29]} {[%emt 00:00:20]} 36. g4 {[%clk
00:03:32]} {[%emt 00:00:40]} Nd6 {[%clk 00:03:37]} {[%emt 00:00:22]} 37. Nf2
{[%clk 00:03:29]} {[%emt 00:00:33]} Qa2 {[%clk 00:03:35]} {[%emt 00:00:32]} 38.
Qc2 {[%clk 00:03:08]} {[%emt 00:00:51]} Bf6 {[%clk 00:01:29]} {[%emt 00:02:36]}
39. Nd1 {[%clk 00:01:28]} {[%emt 00:02:11]} Ne4 {[%clk 00:01:17]} {[%emt
00:00:41]} 40. Ne3 {[%clk 00:01:03]} {[%emt 00:00:54]} Bh4 {[%clk 00:00:45]}
{[%emt 00:01:03]} 41. Kg2 {[%clk 00:01:15]} {[%emt 00:00:19]} Nf2 {[%clk
00:21:14]} {[%emt 00:10:00]} 42. f5 {[%clk 00:27:26]} {[%emt 00:04:19]} gxf5
{[%clk 00:15:39]} {[%emt 00:06:05]} 43. gxf5 {[%clk 00:26:59]} {[%emt
00:00:58]} Nd3 {[%clk 00:15:07]} {[%emt 00:01:01]} 44. fxe6+ {[%clk 00:25:16]}
{[%emt 00:02:12]} Kxe6 {[%clk 00:15:28]} {[%emt 00:00:10]} 45. Kh3 {[%clk
00:23:26]} {[%emt 00:02:19]} Bg5 {[%clk 00:14:11]} {[%emt 00:01:49]} 46. Nd1
{[%clk 00:22:56]} {[%emt 00:00:59]} Kd6 {[%clk 00:08:29]} {[%emt 00:06:12]} 47.
Kg4 {[%clk 00:15:40]} {[%emt 00:07:46]} Qa8 {[%clk 00:05:49]} {[%emt 00:03:09]}
48. Nf2 {[%clk 00:08:21]} {[%emt 00:07:50]} Qc8+ {[%clk 00:04:59]} {[%emt
00:01:20]} 49. Kg3 {[%clk 00:08:34]} {[%emt 00:00:16]} Bf4+ {[%clk 00:05:17]}
{[%emt 00:00:13]} 50. Kh4 {[%clk 00:08:41]} {[%emt 00:00:23]} Qd8+ {[%clk
00:05:19]} {[%emt 00:00:28]} 51. Kh3 {[%clk 00:08:44]} {[%emt 00:00:26]} Qd7+
{[%clk 00:04:22]} {[%emt 00:01:28]} 52. Kh4 {[%clk 00:07:37]} {[%emt 00:01:37]}
Qe7+ {[%clk 00:04:23]} {[%emt 00:00:29]} 53. Kh3 {[%clk 00:07:43]} {[%emt
00:00:24]} Qe3+ {[%clk 00:04:16]} {[%emt 00:00:37]} 54. Kh4 {[%clk 00:07:08]}
{[%emt 00:01:04]} Qxf2+ {[%clk 00:01:35]} {[%emt 00:03:12]} 55. Qxf2 {[%clk
00:07:25]} {[%emt 00:00:13]} Nxf2 {[%clk 00:02:03]} {[%emt 00:00:02]} 56. Ba3+
{[%clk 00:07:27]} {[%emt 00:00:28]} Ke6 {[%clk 00:02:24]} {[%emt 00:00:10]} 57.
Kh5 {[%clk 00:07:09]} {[%emt 00:00:47]} Ne4 {[%clk 00:02:18]} {[%emt 00:00:35]}
58. Bb4 {[%clk 00:07:11]} {[%emt 00:00:28]} Kf5 {[%clk 00:02:33]} {[%emt
00:00:15]} 59. Ba5 {[%clk 00:07:14]} {[%emt 00:00:28]} Bg5 {[%clk 00:02:45]}
{[%emt 00:00:18]} 60. Bb4 {[%clk 00:06:17]} {[%emt 00:01:26]} Nf6 {[%clk
00:03:04]} {[%emt 00:00:11]} 0-1

[Event "DVM U20w 2023"]
[Site "Magdeburg GER"]
[Date "2023.12.28"]
[Round "4"]
[White "Rudolph, Eva"]
[Black "Gubler, Katharina"]
[Result "1/2-1/2"]
[Termination "normal"]
[Board "1.3"]
[WhiteElo "1755"]
[BlackElo "1482"]
[WhiteClock "00:04:56"]
[BlackClock "00:09:09"]
[WhiteTeam "SG Solingen"]
[BlackTeam "SK Kelheim 1920"]
[PlyCount "73"]
[WhiteFideId "16200594"]
[BlackFideId "16282990"]
[EventCountry "GER"]
[EventRounds "7"]
[EventType "team-swiss"]
[EventDate "2023.12.26"]

1. e4 {[%clk 01:30:57]} {[%emt 00:00:01]} e5 {[%clk 01:30:54]} {[%emt
00:00:08]} 2. Nf3 {[%clk 01:31:22]} {[%emt 00:00:05]} Nf6 {[%clk 01:31:17]}
{[%emt 00:00:07]} 3. Nxe5 {[%clk 01:31:45]} {[%emt 00:00:07]} d6 {[%clk
01:31:37]} {[%emt 00:00:09]} 4. Nf3 {[%clk 01:32:06]} {[%emt 00:00:09]} Nxe4
{[%clk 01:31:58]} {[%emt 00:00:10]} 5. Nc3 {[%clk 01:32:27]} {[%emt 00:00:09]}
Nxc3 {[%clk 01:30:53]} {[%emt 00:01:35]} 6. dxc3 {[%clk 01:32:43]} {[%emt
00:00:13]} Be6 {[%clk 01:28:58]} {[%emt 00:02:24]} 7. Bf4 {[%clk 01:32:28]}
{[%emt 00:00:46]} d5 {[%clk 01:28:02]} {[%emt 00:01:26]} 8. Nd4 {[%clk
01:25:30]} {[%emt 00:07:28]} Bd6 {[%clk 01:24:56]} {[%emt 00:03:36]} 9. Nxe6
{[%clk 01:13:54]} {[%emt 00:12:05]} fxe6 {[%clk 01:25:05]} {[%emt 00:00:21]}
10. Qh5+ {[%clk 01:04:32]} {[%emt 00:09:52]} g6 {[%clk 01:24:52]} {[%emt
00:00:44]} 11. Qg4 {[%clk 01:04:17]} {[%emt 00:00:45]} Qe7 {[%clk 01:18:47]}
{[%emt 00:06:36]} 12. O-O-O {[%clk 00:51:05]} {[%emt 00:13:42]} Nd7 {[%clk
01:09:08]} {[%emt 00:10:09]} 13. Bg5 {[%clk 00:43:41]} {[%emt 00:07:53]} Ne5
{[%clk 00:58:19]} {[%emt 00:11:19]} 14. Qh4 {[%clk 00:33:51]} {[%emt 00:10:18]}
Qf7 {[%clk 00:55:30]} {[%emt 00:03:21]} 15. c4 {[%clk 00:29:25]} {[%emt
00:04:56]} Kd7 {[%clk 00:50:58]} {[%emt 00:05:02]} 16. cxd5 {[%clk 00:20:57]}
{[%emt 00:08:59]} exd5 {[%clk 00:50:31]} {[%emt 00:00:56]} 17. g3 {[%clk
00:13:07]} {[%emt 00:08:20]} c5 {[%clk 00:32:07]} {[%emt 00:18:54]} 18. f4
{[%clk 00:11:53]} {[%emt 00:01:44]} Nc6 {[%clk 00:31:47]} {[%emt 00:00:50]} 19.
Bg2 {[%clk 00:11:50]} {[%emt 00:00:32]} d4 {[%clk 00:30:58]} {[%emt 00:01:19]}
20. Kb1 {[%clk 00:11:32]} {[%emt 00:00:48]} Kc7 {[%clk 00:22:36]} {[%emt
00:08:53]} 21. Rhe1 {[%clk 00:11:00]} {[%emt 00:01:02]} Rhe8 {[%clk 00:20:57]}
{[%emt 00:02:09]} 22. Qg4 {[%clk 00:10:10]} {[%emt 00:01:20]} Nb4 {[%clk
00:19:42]} {[%emt 00:01:46]} 23. b3 {[%clk 00:10:23]} {[%emt 00:00:16]} Rab8
{[%clk 00:17:35]} {[%emt 00:02:37]} 24. Rxe8 {[%clk 00:07:47]} {[%emt
00:03:06]} Rxe8 {[%clk 00:16:23]} {[%emt 00:01:42]} 25. Qf3 {[%clk 00:08:11]}
{[%emt 00:00:06]} Kb8 {[%clk 00:16:30]} {[%emt 00:00:23]} 26. a3 {[%clk
00:07:08]} {[%emt 00:01:32]} Nc6 {[%clk 00:16:42]} {[%emt 00:00:18]} 27. Qd5
{[%clk 00:06:19]} {[%emt 00:01:19]} Qxd5 {[%clk 00:16:26]} {[%emt 00:00:47]}
28. Bxd5 {[%clk 00:06:48]} {[%emt 00:00:02]} Kc7 {[%clk 00:16:36]} {[%emt
00:00:20]} 29. Bc4 {[%clk 00:06:09]} {[%emt 00:01:08]} a6 {[%clk 00:15:34]}
{[%emt 00:01:32]} 30. a4 {[%clk 00:05:32]} {[%emt 00:01:07]} Nb4 {[%clk
00:14:17]} {[%emt 00:01:48]} 31. Rd2 {[%clk 00:05:09]} {[%emt 00:00:50]} Re1+
{[%clk 00:11:49]} {[%emt 00:03:00]} 32. Kb2 {[%clk 00:05:33]} {[%emt 00:00:06]}
Be7 {[%clk 00:09:40]} {[%emt 00:02:39]} 33. Bxe7 {[%clk 00:04:58]} {[%emt
00:01:05]} Rxe7 {[%clk 00:10:07]} {[%emt 00:00:02]} 34. Re2 {[%clk 00:04:35]}
{[%emt 00:00:54]} Rxe2 {[%clk 00:09:51]} {[%emt 00:00:47]} 35. Bxe2 {[%clk
00:05:03]} {[%emt 00:00:01]} Nd5 {[%clk 00:09:43]} {[%emt 00:00:38]} 36. Kc1
{[%clk 00:04:56]} {[%emt 00:00:36]} Kd6 {[%clk 00:09:09]} {[%emt 00:01:04]} 37.
Kd2 {[%clk 00:04:56]} {[%emt 00:00:30]} 1/2-1/2

[Event "DVM U20w 2023"]
[Site "Magdeburg GER"]
[Date "2023.12.28"]
[Round "4"]
[White "Bangsa-Giesen, Citra"]
[Black "Fetahovic, Sarah"]
[Result "0-1"]
[Termination "normal"]
[Board "1.4"]
[WhiteElo "1469"]
[BlackElo "1579"]
[WhiteClock "00:13:19"]
[BlackClock "00:01:42"]
[WhiteTeam "SK Kelheim 1920"]
[BlackTeam "SG Solingen"]
[PlyCount "58"]
[WhiteFideId "34605274"]
[BlackFideId "34601546"]
[EventCountry "GER"]
[EventRounds "7"]
[EventType "team-swiss"]
[EventDate "2023.12.26"]

1. e4 {[%clk 01:30:56]} {[%emt 00:00:04]} e5 {[%clk 01:30:50]} {[%emt
00:00:11]} 2. Nf3 {[%clk 01:31:22]} {[%emt 00:00:04]} Nc6 {[%clk 01:31:08]}
{[%emt 00:00:11]} 3. d4 {[%clk 01:31:44]} {[%emt 00:00:09]} exd4 {[%clk
01:31:16]} {[%emt 00:00:22]} 4. Nxd4 {[%clk 01:32:01]} {[%emt 00:00:12]} Bc5
{[%clk 01:31:00]} {[%emt 00:00:45]} 5. Be3 {[%clk 01:32:10]} {[%emt 00:00:22]}
Qf6 {[%clk 01:30:42]} {[%emt 00:00:47]} 6. c3 {[%clk 01:32:07]} {[%emt
00:00:34]} Nge7 {[%clk 01:29:00]} {[%emt 00:02:12]} 7. Bc4 {[%clk 01:31:53]}
{[%emt 00:00:44]} d6 {[%clk 01:22:41]} {[%emt 00:06:49]} 8. O-O {[%clk
01:30:23]} {[%emt 00:02:00]} Bb6 {[%clk 01:20:03]} {[%emt 00:03:09]} 9. Na3
{[%clk 01:20:43]} {[%emt 00:10:09]} O-O {[%clk 01:08:36]} {[%emt 00:11:57]} 10.
Qd2 {[%clk 01:14:41]} {[%emt 00:06:32]} Qg6 {[%clk 00:51:37]} {[%emt 00:17:28]}
11. f3 {[%clk 01:12:56]} {[%emt 00:02:16]} Bd7 {[%clk 00:46:48]} {[%emt
00:05:18]} 12. Rad1 {[%clk 01:09:01]} {[%emt 00:04:25]} Kh8 {[%clk 00:43:40]}
{[%emt 00:03:39]} 13. Kh1 {[%clk 00:55:59]} {[%emt 00:13:33]} Rae8 {[%clk
00:33:32]} {[%emt 00:10:38]} 14. Rfe1 {[%clk 00:52:00]} {[%emt 00:04:29]} f5
{[%clk 00:25:12]} {[%emt 00:08:49]} 15. exf5 {[%clk 00:48:32]} {[%emt
00:03:59]} Nxf5 {[%clk 00:24:36]} {[%emt 00:01:05]} 16. Nxf5 {[%clk 00:47:31]}
{[%emt 00:01:31]} Bxf5 {[%clk 00:23:49]} {[%emt 00:01:17]} 17. Bxb6 {[%clk
00:45:21]} {[%emt 00:02:39]} axb6 {[%clk 00:24:05]} {[%emt 00:00:15]} 18. Nb5
{[%clk 00:43:14]} {[%emt 00:02:37]} Bc2 {[%clk 00:06:41]} {[%emt 00:17:54]} 19.
Nxc7 {[%clk 00:34:21]} {[%emt 00:09:23]} Bxd1 {[%clk 00:04:45]} {[%emt
00:02:26]} 20. Rxe8 {[%clk 00:26:16]} {[%emt 00:08:35]} Rxe8 {[%clk 00:04:39]}
{[%emt 00:00:37]} 21. Nxe8 {[%clk 00:26:19]} {[%emt 00:00:27]} Ba4 {[%clk
00:01:47]} {[%emt 00:03:21]} 22. Qe1 {[%clk 00:25:46]} {[%emt 00:01:04]} Ne5
{[%clk 00:01:27]} {[%emt 00:00:49]} 23. Nxd6 {[%clk 00:18:24]} {[%emt
00:07:52]} Qxd6 {[%clk 00:01:33]} {[%emt 00:00:25]} 24. Be2 {[%emt 00:02:10]}
Bc6 {[%clk 00:00:48]} {[%emt 00:01:12]} 25. Kg1 {[%clk 00:14:30]} {[%emt
00:02:46]} Nd3 {[%clk 00:00:40]} {[%emt 00:00:37]} 26. Qd1 {[%clk 00:13:15]}
{[%emt 00:01:47]} Qc5+ {[%clk 00:00:56]} {[%emt 00:00:13]} 27. Kh1 {[%clk
00:12:37]} {[%emt 00:01:09]} Nf2+ {[%clk 00:01:20]} {[%emt 00:00:06]} 28. Kg1
{[%clk 00:12:57]} {[%emt 00:00:09]} Nxd1+ {[%clk 00:01:42]} {[%emt 00:00:08]}
29. Kf1 {[%clk 00:13:19]} {[%emt 00:00:09]} Qf2# {[%emt 00:00:05]} 0-1

[Event "DVM U20w 2023"]
[Site "Magdeburg GER"]
[Date "2023.12.28"]
[Round "4"]
[White "Buchholz, Maja Patricia"]
[Black "Wilmink, Anna"]
[Result "0-1"]
[Termination "normal"]
[Board "2.1"]
[WhiteElo "1945"]
[BlackElo "1826"]
[WhiteClock "00:01:43"]
[BlackClock "00:01:00"]
[WhiteTeam "VSG 1880 Offenbach"]
[BlackTeam "SK Nordhorn-Blanke"]
[PlyCount "76"]
[WhiteFideId "16200500"]
[BlackFideId "16273680"]
[EventCountry "GER"]
[EventRounds "7"]
[EventType "team-swiss"]
[EventDate "2023.12.26"]

1. c4 {[%clk 01:30:57]} {[%emt 00:00:03]} Nf6 {[%clk 01:30:52]} {[%emt
00:00:08]} 2. g3 {[%clk 01:31:18]} {[%emt 00:00:09]} e6 {[%clk 01:31:12]}
{[%emt 00:00:09]} 3. Bg2 {[%clk 01:31:36]} {[%emt 00:00:13]} d5 {[%clk
01:31:30]} {[%emt 00:00:12]} 4. Nf3 {[%clk 01:31:53]} {[%emt 00:00:13]} d4
{[%clk 01:31:30]} {[%emt 00:00:29]} 5. d3 {[%clk 01:31:48]} {[%emt 00:00:36]}
Nc6 {[%clk 01:31:48]} {[%emt 00:00:12]} 6. O-O {[%clk 01:28:54]} {[%emt
00:03:24]} Bc5 {[%clk 01:32:01]} {[%emt 00:00:17]} 7. Na3 {[%clk 01:22:30]}
{[%emt 00:06:54]} O-O {[%clk 01:31:00]} {[%emt 00:01:31]} 8. Nc2 {[%clk
01:22:04]} {[%emt 00:00:56]} a5 {[%clk 01:29:57]} {[%emt 00:01:32]} 9. b3
{[%clk 01:17:15]} {[%emt 00:05:19]} e5 {[%clk 01:29:09]} {[%emt 00:01:18]} 10.
a3 {[%clk 01:16:28]} {[%emt 00:01:18]} Re8 {[%clk 01:28:52]} {[%emt 00:00:47]}
11. Nd2 {[%clk 01:14:20]} {[%emt 00:02:38]} Bf5 {[%clk 01:23:51]} {[%emt
00:05:31]} 12. Ne4 {[%clk 01:08:27]} {[%emt 00:06:23]} Nxe4 {[%clk 01:21:25]}
{[%emt 00:02:56]} 13. dxe4 {[%clk 01:08:41]} {[%emt 00:00:15]} Bg4 {[%clk
01:20:25]} {[%emt 00:01:30]} 14. Ne1 {[%clk 01:06:01]} {[%emt 00:03:11]} Qd7
{[%clk 01:12:07]} {[%emt 00:08:48]} 15. Nd3 {[%clk 01:05:45]} {[%emt 00:00:45]}
Bf8 {[%clk 01:10:26]} {[%emt 00:02:12]} 16. Re1 {[%clk 01:04:00]} {[%emt
00:02:15]} Bh3 {[%clk 01:00:45]} {[%emt 00:10:10]} 17. Bh1 {[%clk 01:03:31]}
{[%emt 00:00:59]} f5 {[%clk 00:54:43]} {[%emt 00:06:33]} 18. Bd2 {[%clk
00:59:34]} {[%emt 00:04:26]} fxe4 {[%clk 00:49:13]} {[%emt 00:06:01]} 19. Bxe4
{[%clk 00:59:51]} {[%emt 00:00:12]} Bf5 {[%clk 00:47:34]} {[%emt 00:02:09]} 20.
Bh1 {[%clk 00:56:13]} {[%emt 00:04:08]} e4 {[%clk 00:36:14]} {[%emt 00:11:51]}
21. Nf4 {[%clk 00:54:20]} {[%emt 00:02:22]} Bc5 {[%clk 00:30:47]} {[%emt
00:05:58]} 22. Nd5 {[%clk 00:50:43]} {[%emt 00:04:06]} Ne7 {[%clk 00:27:20]}
{[%emt 00:03:58]} 23. Nxe7+ {[%clk 00:44:57]} {[%emt 00:06:16]} Qxe7 {[%clk
00:24:33]} {[%emt 00:03:17]} 24. Qc1 {[%clk 00:38:14]} {[%emt 00:07:12]} Qf8
{[%clk 00:18:48]} {[%emt 00:06:16]} 25. Bg2 {[%clk 00:34:44]} {[%emt 00:04:00]}
Bg4 {[%clk 00:16:56]} {[%emt 00:02:22]} 26. Bf4 {[%clk 00:32:55]} {[%emt
00:02:19]} c6 {[%clk 00:13:27]} {[%emt 00:03:59]} 27. Qb2 {[%clk 00:31:39]}
{[%emt 00:01:46]} h6 {[%clk 00:12:08]} {[%emt 00:01:48]} 28. Rf1 {[%clk
00:21:59]} {[%emt 00:10:10]} Qe7 {[%clk 00:10:26]} {[%emt 00:02:12]} 29. h3
{[%clk 00:17:56]} {[%emt 00:04:34]} Bf5 {[%clk 00:08:14]} {[%emt 00:02:42]} 30.
b4 {[%clk 00:17:38]} {[%emt 00:00:49]} axb4 {[%clk 00:06:46]} {[%emt 00:01:57]}
31. axb4 {[%clk 00:18:02]} {[%emt 00:00:06]} Bxb4 {[%clk 00:05:21]} {[%emt
00:01:56]} 32. Qxd4 {[%clk 00:15:19]} {[%emt 00:03:12]} Bc5 {[%clk 00:03:17]}
{[%emt 00:02:34]} 33. Qc3 {[%clk 00:13:58]} {[%emt 00:01:51]} Rxa1 {[%clk
00:03:05]} {[%emt 00:00:42]} 34. Rxa1 {[%clk 00:10:56]} {[%emt 00:03:32]} Qd7
{[%clk 00:02:30]} {[%emt 00:01:05]} 35. Be5 {[%clk 00:08:07]} {[%emt 00:03:18]}
Bxh3 {[%clk 00:01:56]} {[%emt 00:01:05]} 36. Bxh3 {[%clk 00:05:01]} {[%emt
00:03:36]} Qxh3 {[%clk 00:02:18]} {[%emt 00:00:07]} 37. Bd4 {[%clk 00:02:24]}
{[%emt 00:03:07]} Qf5 {[%clk 00:00:51]} {[%emt 00:01:57]} 38. Ra5 {[%clk
00:01:43]} {[%emt 00:01:11]} Bxd4 {[%clk 00:01:00]} {[%emt 00:00:21]} 0-1